Industrial Pollution and Management (Record no. 399)

000 -LEADER
fixed length control field 00323 a2200109 4500
020 ## - INTERNATIONAL STANDARD BOOK NUMBER
International Standard Book Number 8176487740
082 ## - DEWEY DECIMAL CLASSIFICATION NUMBER
Classification number 363.728 KUM
100 ## - MAIN ENTRY--PERSONAL NAME
Personal name Kumar, Arvind
245 ## - TITLE STATEMENT
Title Industrial Pollution and Management
Statement of responsibility, etc. Arvind Kumar
260 ## - PUBLICATION, DISTRIBUTION, ETC.
Place of publication, distribution, etc. New Delhi :
Name of publisher, distributor, etc. APH Publishing Corporation,
Date of publication, distribution, etc. 2004
300 ## - PHYSICAL DESCRIPTION
Extent xii, 381p. :
Other physical details ill ., ;
Dimensions 25 cm
650 ## - SUBJECT ADDED ENTRY--TOPICAL TERM
Topical term or geographic name entry element Industrial Pollution
Holdings
Withdrawn status Lost status Damaged status Not for loan Permanent Location Current Location Shelving location Date acquired Total Checkouts Full call number Barcode Date last seen Price effective from Koha item type
        School of Civil and Environmental Engineering (SCEE) School of Civil and Environmental Engineering (SCEE)       363.728 KUM NIT-2309 01/05/2017 01/05/2017 Book
© 2023 Central Library, National University of Sciences and Technology. All Rights Reserved.